Marketing of oranges in Vidarbha region (Record no. 16871)

MARC details
000 -LEADER
fixed length control field 00326nam a2200133Ia 4500
082 ## - DEWEY DECIMAL CLASSIFICATION NUMBER
Classification number TD.0166
100 ## - MAIN ENTRY--AUTHOR NAME
Personal name Dixit, K.R.
245 #0 - TITLE STATEMENT
Title Marketing of oranges in Vidarbha region
260 ## - PUBLICATION, DISTRIBUTION, ETC. (IMPRINT)
Year of publication 0
Name of publisher Nagpur University
300 ## - PHYSICAL DESCRIPTION
Number of Pages 365p.
650 ## - SUBJECT ADDED ENTRY--TOPICAL TERM
Topical Term ORANGE - MARKETING - VIDARBHA REGION
710 ## - ADDED ENTRY--CORPORATE NAME
Corporate name or jurisdiction name as entry element Jain, R.K.
942 ## - ADDED ENTRY ELEMENTS (KOHA)
Koha item type Thesis
Source of classification or shelving scheme Dewey Decimal Classification
Holdings
Withdrawn status Lost status Damaged status Not for loan Home library Current library Date acquired Full call number Accession Number Price effective from Koha item type
        NASSDOC Library NASSDOC Library 08/10/2004 TD.0166 12125 18/04/2019 Thesis